000 00843nam a22002535a 4500
005 20090320141416.0
008 060509s2006 nyu 000 0 eng
010 _aB-357103
020 _a9788187671954
_c110.00
020 _a8187671955
_c110.00
035 _aB-357103
037 _bDBAD / PUB
040 _adpl
_bEnglish
082 _aS
100 _aAlfonsi, Alice
245 _aFace-off /
_cadapted by Alice Alfonsi
260 _aNew Delhi
_bWestland
_c2007
270 _aF-5 Okhla Industrial Area, Phase-I, Mezzaine Floor,
_bNew Delhi
_e110020
300 _a126p.
_c20cm(pbk)
490 _aHannah Montana
650 _aFiction
942 _2ddc
_cCH
_hS
_mALF
999 _c30157
_d30157